Giông tố

Bewaard in:
Bibliografische gegevens
Hoofdauteur: Vũ Trọng Phụng (Tác giả)
Formaat: Boek
Taal:Vietnamese
Gepubliceerd in: H. Văn học 2005
Reeks:Tác phẩm văn học trong nhà trường
Onderwerpen:
Tags: Voeg label toe
Geen labels, Wees de eerste die dit record labelt!
Thư viện lưu trữ: Mạng thư viện Đại học Đà Nẵng
LEADER 01115nam a2200349 4500
001 000005917
003 2070
005 20120510080526.0
008 110825s2005 viesd
020 |c 30000đ 
041 0 |a vie 
082 |a 895.9223  |b VU-P 
100 0 |a Vũ Trọng Phụng 
245 0 |a Giông tố  |c Vũ Trọng Phụng 
260 |a H.  |b Văn học  |c 2005 
300 |a 289 tr  |c 19 cm 
490 |a Tác phẩm văn học trong nhà trường 
653 |a Văn học hiện đại 
653 |a Việt Nam 
653 |a Tiểu thuyết 
700 |a Vũ Trọng Phụng  |e Tác giả 
910 |a Nguyễn Thị Kim Oanh  |d 25/08/2011 
OWN |a LSP 
AVA |a UDN50  |b LSP  |d 895.9223 VU-P  |e check_holdings  |t Error 5003 Not defined in file expand_doc_bib_avail.  |h N  |k 1 
999 |a From the UDN01 
AVA |a UDN50  |b LSP  |d 895.9223 VU-P  |e available  |t Error 5001 Not defined in file expand_doc_bib_avail.  |f 20  |g 0  |h N  |i 0  |k 1 
TYP |a Monograph 
TYP |a Printed language 
980 |a Mạng thư viện Đại học Đà Nẵng